| Tag |
First Indicator |
Second Indicator |
Subfields |
| LEADER |
00000cam a2200000 4500 |
| 001 |
in00000065486 |
| 005 |
20151007083416.0 |
| 008 |
770713s1956 enk b 00110 enge |
| 010 |
|
|
|a 56004129
|
| 035 |
|
|
|a (OCoLC)03111561
|
| 035 |
|
|
|9 AAF9322AM
|
| 040 |
|
|
|a DLC
|c IAY
|d IAY
|d TXA
|d UtOrBLW
|
| 041 |
1 |
|
|a eng
|a rus
|
| 049 |
|
|
|a TXAM
|c [267862]
|
| 050 |
0 |
0 |
|a HD594
|b .K635
|
| 082 |
0 |
|
|a 333.3
|
| 092 |
|
|
|a 333.3
|b K86s
|
| 100 |
1 |
|
|a Kosminskiĭ, E. A.
|q (Evgeniĭ Alekseevich),
|d 1886-1959.
|
| 245 |
1 |
0 |
|a Studies in the agrarian history of England in the thirteenth century /
|c by E. A. Kosminsky. Edited by R. H. Hilton. Translated from the Russian by Ruth Kisch.
|
| 264 |
|
1 |
|a Oxford :
|b Blackwell,
|c 1956.
|
| 300 |
|
|
|a xxvii, 370 pages ;
|c 22 cm.
|
| 336 |
|
|
|a text
|b txt
|2 rdacontent
|
| 337 |
|
|
|a unmediated
|b n
|2 rdamedia
|
| 338 |
|
|
|a volume
|b nc
|2 rdacarrier
|
| 490 |
1 |
|
|a Studies in mediaeval history,
|v v.8
|
| 504 |
|
|
|a Includes bibliographical references and index.
|
| 650 |
|
0 |
|a Land tenure
|z Great Britain
|x History.
|
| 650 |
|
0 |
|a Agriculture
|z Great Britain
|x History.
|
| 650 |
|
0 |
|a Peasants
|z Great Britain.
|
| 740 |
0 |
|
|a Agrarian history of England.
|
| 830 |
|
0 |
|a Studies in mediaeval history (Oxford, England) ;
|v v.8.
|
| 999 |
|
|
|a MARS
|
| 999 |
f |
f |
|s 6a17f2ee-bdc7-3de3-a0db-d1a36bc2a408
|i 7adf15f3-8d25-3d3d-b04c-7d56bf16bb84
|t 0
|
| 952 |
f |
f |
|p ric
|a Texas A&M University
|b Rellis Campus
|c Joint Library Facility
|d Remote Storage
|t 0
|e HD594 .K635
|h Library of Congress classification
|i unmediated -- volume
|m A14800739818
|
| 998 |
f |
f |
|a HD594 .K635
|t 0
|l Remote Storage
|